[Event "Warsaw op"]
[Site "Warsaw"]
[Date "1994.??.??"]
[Round "9"]
[White "Fornal, Agnieszka"]
[Black "Kaczorowska, Barbara"]
[Result "1/2-1/2"]
[WhiteElo "2140"]
[BlackElo "2235"]
[PlyCount "80"]
[EventDate "1994.??.??"]
[EventType "swiss"]
[EventRounds "9"]
[EventCountry "POL"]
[SourceTitle "EXT 2001"]
[Source "ChessBase"]
[SourceDate "2000.11.22"]
[SourceVersion "1"]
[SourceVersionDate "2000.11.22"]
[SourceQuality "1"]

1. d4 Nf6 2. c4 e6 3. Nf3 d5 4. Nc3 c5 5. e3 a6 6. a4 Nc6 7. Be2 Bd6 8. 0-0 0-0 9. b3 b6 10. Bb2 Bb7 11. Rc1 cxd4 12. Nxd4 Nxd4 13. Qxd4 dxc4 14. Rfd1 Bc5 15. Qh4 Qc7 16. Bxc4 Rfd8 17. Bd3 Qe7 18. Ne2 h6 19. Rc4 Rac8 20. Nf4 Nd5 21. Qg3 Qg5 22. Nxd5 Qxg3 23. Nf6+ gxf6 24. hxg3 f5 25. Bf6 Rd7 26. b4 Bf8 27. Rxc8 Bxc8 28. b5 Rd5 29. Rc1 Bd7 30. bxa6 Bxa4 31. a7 Ra5 32. Rc8 Rxa7 33. Rb8 Rd7 34. Be2 b5 35. Bxb5 Bxb5 36. Rxb5 Bg7 37. Rb8+ Kh7 38. Bxg7 Kxg7 39. Kf1 Rd2 40. Rb4 Ra2 1/2-1/2

[Event "Warsaw op"]
[Site "Warsaw"]
[Date "1994.??.??"]
[Round "2"]
[White "Fornal, Agnieszka"]
[Black "Rucinski, Grzegorz"]
[Result "1/2-1/2"]
[WhiteElo "2140"]
[BlackElo "2095"]
[PlyCount "56"]
[EventDate "1994.??.??"]
[EventType "swiss"]
[EventRounds "9"]
[EventCountry "POL"]
[SourceTitle "EXT 2001"]
[Source "ChessBase"]
[SourceDate "2000.11.22"]
[SourceVersion "1"]
[SourceVersionDate "2000.11.22"]
[SourceQuality "1"]

1. d4 Nf6 2. c4 g6 3. Nc3 Bg7 4. e4 d6 5. Bg5 0-0 6. h3 c6 7. Nf3 Qc7 8. Bd3 e5 9. d5 h6 10. Be3 Kh7 11. g4 Nfd7 12. Qd2 Na6 13. Rc1 Ndc5 14. Bb1 Qe7 15. Rd1 Qf6 16. Qe2 Rd8 17. Rg1 Qe7 18. h4 Bd7 19. h5 g5 20. Nd2 b6 21. f3 Rac8 22. a3 Nc7 23. b4 Nb7 24. Kf2 Kh8 25. Rc1 Qe8 26. Bd3 f6 27. Rc2 c5 28. b5 Na5 1/2-1/2

[Event "Katowice Fibak op"]
[Site "Katowice"]
[Date "1993.??.??"]
[Round "5"]
[White "Fornal, Agnieszka"]
[Black "Flis, Jacek"]
[Result "1/2-1/2"]
[WhiteElo "2135"]
[BlackElo "2345"]
[PlyCount "89"]
[EventDate "1993.01.??"]
[EventType "swiss"]
[EventRounds "9"]
[EventCountry "POL"]
[SourceTitle "EXT 1998"]
[Source "ChessBase"]
[SourceDate "1997.11.17"]
[SourceVersion "1"]
[SourceVersionDate "1997.11.17"]
[SourceQuality "1"]

1. d4 Nf6 2. c4 d6 3. Nc3 Nbd7 4. e4 e5 5. Nf3 g6 6. Be2 Bg7 7. Bg5 h6 8. Bh4 0-0 9. 0-0 c6 10. d5 g5 11. Bg3 cxd5 12. cxd5 Nh5 13. Nd2 Nf4 14. Nc4 Nb6 15. Ne3 f5 16. exf5 Bxf5 17. Nxf5 Nxe2+ 18. Qxe2 Rxf5 19. Rfd1 Qe7 20. Ne4 Raf8 21. Rac1 Qd7 22. b3 Nc8 23. h3 Ne7 24. Rc2 R5f7 25. f3 Nf5 26. Bf2 Nd4 27. Bxd4 exd4 28. Qd3 Rf5 29. Rdc1 Be5 30. Rc7 Qd8 31. Rxb7 Qa5 32. a4 h5 33. Qb5 Qxb5 34. axb5 d3 35. Rd1 g4 36. hxg4 hxg4 37. Rxd3 gxf3 38. Rxf3 Rxf3 39. gxf3 Rxf3 40. Kg2 Rxb3 41. Rxa7 Rxb5 42. Kf3 Rxd5 43. Kg4 Kf8 44. Rb7 Ke8 45. Kf5 1/2-1/2

[Event "POL-ch (Women)"]
[Site "Konin"]
[Date "1990.??.??"]
[Round "2"]
[White "Detko, Joanna"]
[Black "Fornal, Agnieszka"]
[Result "1-0"]
[WhiteElo "2090"]
[BlackElo "2110"]
[PlyCount "81"]
[EventDate "1990.??.??"]
[EventType "tourn"]
[EventRounds "15"]
[EventCountry "POL"]
[SourceTitle "EXT 1999"]
[Source "ChessBase"]
[SourceDate "1998.11.16"]
[SourceVersion "1"]
[SourceVersionDate "1998.11.16"]
[SourceQuality "1"]

1. e4 c6 2. d4 d5 3. Nc3 dxe4 4. Nxe4 Bf5 5. Ng3 Bg6 6. Bc4 e6 7. N1e2 Nf6 8. 0-0 Bd6 9. f4 Qc7 10. c3 Nbd7 11. Bd3 0-0 12. f5 exf5 13. Bf4 Nd5 14. Qd2 Nxf4 15. Nxf4 Nf6 16. Nxf5 Bxf4 17. Qxf4 Qxf4 18. Ne7+ Kh8 19. Nxg6+ hxg6 20. Rxf4 Rae8 21. Raf1 Re3 22. R1f3 Rxf3 23. Rxf3 Re8 24. Bc4 Kg8 25. a4 Re7 26. h3 Nd5 27. Kf2 Kf8 28. Bxd5 cxd5 29. Re3 Rd7 30. Ke2 f6 31. Kd3 Kf7 32. c4 dxc4+ 33. Kxc4 g5 34. Re2 b6 35. a5 bxa5 36. Kc5 Re7 37. Rxe7+ Kxe7 38. Kc6 f5 39. d5 g4 40. hxg4 fxg4 41. Kc7 1-0

[Event "POL-ch (Women)"]
[Site "Konin"]
[Date "1990.??.??"]
[Round "10"]
[White "Fornal, Agnieszka"]
[Black "Erenska Barlo, Hanna"]
[Result "1/2-1/2"]
[WhiteElo "2110"]
[BlackElo "2270"]
[PlyCount "59"]
[EventDate "1990.??.??"]
[EventType "tourn"]
[EventRounds "15"]
[EventCountry "POL"]
[SourceTitle "EXT 1999"]
[Source "ChessBase"]
[SourceDate "1998.11.16"]
[SourceVersion "1"]
[SourceVersionDate "1998.11.16"]
[SourceQuality "1"]

1. d4 Nf6 2. c4 d6 3. Nc3 Nbd7 4. e4 e5 5. Nf3 c6 6. Be2 Be7 7. h3 a6 8. 0-0 0-0 9. a3 Re8 10. Be3 Qc7 11. Rc1 h6 12. b4 Bf8 13. Qc2 b6 14. d5 c5 15. Nh4 g6 16. Kh1 Qd8 17. Nf3 Kh7 18. Nh2 Bg7 19. Rb1 Rf8 20. Na4 Qc7 21. Rfc1 h5 22. Rb3 Bh6 23. bxc5 bxc5 24. Bxh6 Kxh6 25. Rcb1 Kg7 26. Nf1 Qa5 27. Nc3 Rd8 28. Qc1 Rh8 29. Ne3 Ra7 30. Bf3 1/2-1/2

[Event "POL-ch (Women)"]
[Site "Konin"]
[Date "1990.??.??"]
[Round "9"]
[White "Fornal, Agnieszka"]
[Black "Pilarska, Czeslawa"]
[Result "1/2-1/2"]
[WhiteElo "2110"]
[BlackElo "2050"]
[PlyCount "105"]
[EventDate "1990.??.??"]
[EventType "tourn"]
[EventRounds "15"]
[EventCountry "POL"]
[SourceTitle "EXT 1999"]
[Source "ChessBase"]
[SourceDate "1998.11.16"]
[SourceVersion "1"]
[SourceVersionDate "1998.11.16"]
[SourceQuality "1"]

1. d4 Nf6 2. c4 d6 3. Nc3 Nbd7 4. e4 c6 5. Nf3 e5 6. Be2 Be7 7. 0-0 0-0 8. Bg5 h6 9. Bh4 a6 10. a4 a5 11. Qc2 Qc7 12. Rad1 Re8 13. h3 Nf8 14. Bg3 Ng6 15. c5 Nh5 16. cxd6 Bxd6 17. dxe5 Nxe5 18. Bxe5 Bxe5 19. Nxe5 Qxe5 20. Bxh5 Qxh5 21. Rd3 Qc5 22. Rfd1 Be6 23. Kh1 b5 24. axb5 cxb5 25. Qd2 Bc4 26. Rd7 b4 27. Nd5 Rxe4 28. f3 Re2 29. Qf4 Rf8 30. Qd4 Qxd4 31. Rxd4 Bxd5 32. R4xd5 Rxb2 33. Rxa5 Rc8 34. Raa7 Rc1+ 35. Kh2 Rcc2 36. Rxf7 Rxg2+ 37. Kh1 Rg3 38. h4 b3 39. Rfb7 Rgg2 40. Rxb3 Rh2+ 41. Kg1 Rxb3 42. Kxh2 Rxf3 43. Kg2 Rd3 44. Rb7 Kh7 45. Rb6 h5 46. Ra6 Rd4 47. Kg3 Rg4+ 48. Kh3 Rf4 49. Ra5 Kh6 50. Rg5 Rf1 51. Kg2 Rf6 52. Kh3 Rg6 53. Ra5 1/2-1/2

[Event "POL-chT 43rd"]
[Site "Jachranka"]
[Date "1987.??.??"]
[Round "1"]
[White "Ostoja Domaradzka, Anna"]
[Black "Fornal, Agnieszka"]
[Result "1-0"]
[WhiteElo "2105"]
[BlackElo "2125"]
[PlyCount "64"]
[EventDate "1987.09.23"]
[EventType "team-tourn"]
[EventRounds "11"]
[EventCountry "POL"]
[SourceTitle "EXT 2019"]
[Source "ChessBase"]
[SourceDate "2018.10.10"]
[SourceVersion "1"]
[SourceVersionDate "2018.10.10"]
[SourceQuality "1"]
[WhiteTeam "Wroclaw Politechnika"]
[BlackTeam "Warszawa Polonia"]
[WhiteTeamCountry "POL"]
[BlackTeamCountry "POL"]

1. e4 d5 2. exd5 Qxd5 3. Nc3 Qd6 4. d4 Nf6 5. Nf3 Bg4 6. h3 Bxf3 7. Qxf3 c6 8. Be3 e6 9. 0-0-0 Qc7 10. g4 Bd6 11. h4 Nbd7 12. g5 Nd5 13. Ne4 Nxe3 14. Nxd6+ Qxd6 15. fxe3 Qe7 16. e4 0-0-0 17. Bh3 Kb8 18. Rhf1 f6 19. gxf6 Nxf6 20. Rg1 Rhg8 21. Rg5 Rde8 22. Re5 Qd6 23. Qb3 Re7 24. Rxe6 Rxe6 25. Bxe6 Re8 26. d5 Qf4+ 27. Kb1 Qxe4 28. dxc6 Qxc6 29. Bc4 Qc7 30. a3 Rd8 31. Rf1 h6 32. Rf5 Ka8 1-0

[Event "POL-chT 43rd"]
[Site "Jachranka"]
[Date "1987.??.??"]
[Round "4"]
[White "Sikora Gizynska, Bozena"]
[Black "Fornal, Agnieszka"]
[Result "1/2-1/2"]
[WhiteElo "2265"]
[BlackElo "2125"]
[PlyCount "64"]
[EventDate "1987.09.23"]
[EventType "team-tourn"]
[EventRounds "11"]
[EventCountry "POL"]
[SourceTitle "EXT 2019"]
[Source "ChessBase"]
[SourceDate "2018.10.10"]
[SourceVersion "1"]
[SourceVersionDate "2018.10.10"]
[SourceQuality "1"]
[WhiteTeam "Bielsko-Biala Wlokniarz"]
[BlackTeam "Warszawa Polonia"]
[WhiteTeamCountry "POL"]
[BlackTeamCountry "POL"]

1. e4 d5 2. exd5 Qxd5 3. Nc3 Qd6 4. d4 Nf6 5. Bd3 c6 6. Nge2 Bg4 7. f3 Bh5 8. Bf4 Qd8 9. 0-0 e6 10. Ne4 Be7 11. c4 0-0 12. Kh1 Na6 13. a3 c5 14. Nxc5 Nxc5 15. dxc5 Bxc5 16. b4 Bb6 17. Qc2 Bc7 18. Rfd1 Qe7 19. Bxc7 Qxc7 20. Nc3 a6 21. Qf2 Bg6 22. Bxg6 hxg6 23. Na4 Rad8 24. Qe2 Rxd1+ 25. Rxd1 Rd8 26. Rxd8+ Qxd8 27. g3 Qd4 28. Kg2 Nd7 29. c5 Ne5 30. Nb2 Qc3 31. Nd1 Qd4 32. Nb2 Qc3 1/2-1/2